|
|
|
|
| LEADER |
00000naa2a2200000 4500 |
| 001 |
618954 |
| 005 |
20240119152647.0 |
| 035 |
|
|
|a (RuTPU)RU\TPU\conf\17347
|
| 035 |
|
|
|a RU\TPU\conf\17346
|
| 090 |
|
|
|a 618954
|
| 100 |
|
|
|a 20160622d2016 k y0rusy50 ca
|
| 101 |
0 |
|
|a rus
|
| 102 |
|
|
|a RU
|
| 105 |
|
|
|a y z 101zy
|
| 135 |
|
|
|a drcn ---uucaa
|
| 181 |
|
0 |
|a i
|
| 182 |
|
0 |
|a b
|
| 200 |
1 |
|
|a Регенерация растворителей и выделение лактида
|f М. А. Пак, В. Н. Глотова, В. И. Бакулева
|g науч. рук. В. Т. Новиков
|
| 203 |
|
|
|a Текст
|c электронный
|
| 225 |
1 |
|
|a Охрана окружающей среды и рациональное использование природных ресурсов
|
| 300 |
|
|
|a Заглавие с экрана
|
| 320 |
|
|
|a [Библиогр.: с. 481 (5 назв.)]
|
| 463 |
|
0 |
|0 (RuTPU)RU\TPU\conf\17060
|t Химия и химическая технология в XXI веке
|o материалы XVII Международной научно-практической конференции студентов и молодых ученых имени профессора Л.П. Кулёва, посвященной 120-летию Томского политехнического университета, 17–20 мая 2016 г., г. Томск
|f Национальный исследовательский Томский политехнический университет (ТПУ) ; Институт природных ресурсов (ИПР) ; Институт физики высоких технологий (ИФВТ) ; Физико-технический институт (ФТИ) ; Сибур-Холдинг
|v [С. 480-481]
|d 2016
|
| 610 |
1 |
|
|a труды учёных ТПУ
|
| 610 |
1 |
|
|a электронный ресурс
|
| 610 |
1 |
|
|a биоразлагаемые полимеры
|
| 610 |
1 |
|
|a бытовые отходы
|
| 610 |
1 |
|
|a перекристаллизация
|
| 610 |
1 |
|
|a лактиды
|
| 610 |
1 |
|
|a поликонденсация
|
| 700 |
|
1 |
|a Пак
|b М. А.
|
| 701 |
|
1 |
|a Глотова
|b В. Н.
|c химик
|c доцент Томского политехнического университета, кандидат технических наук
|f 1981-
|g Валентина Николаевна
|3 (RuTPU)RU\TPU\pers\32048
|9 16095
|
| 701 |
|
1 |
|a Бакулева
|b В. И.
|
| 702 |
|
1 |
|a Новиков
|b В. Т.
|c химик
|c доцент Томского политехнического университета, кандидат химических наук
|f 1946-
|g Виктор Тимофеевич
|4 727
|9 13515
|
| 712 |
0 |
2 |
|a Национальный исследовательский Томский политехнический университет (ТПУ)
|b Институт природных ресурсов (ИПР)
|b Кафедра технологии органических веществ и полимерных материалов (ТОВПМ)
|3 (RuTPU)RU\TPU\col\18659
|
| 801 |
|
2 |
|a RU
|b 63413507
|c 20160926
|g RCR
|
| 856 |
4 |
|
|u http://earchive.tpu.ru/handle/11683/30776
|
| 942 |
|
|
|c BK
|